| 000 | 01366nam a2200241 i 4500 | ||
|---|---|---|---|
| 001 | 152954 | ||
| 003 | ES-MaACL | ||
| 005 | 20230906204939.0 | ||
| 008 | 931025s1779 sp ax |||| | spa d | ||
| 100 | 1 |
_aCanals y Martí, Juan Pablo. _934420 |
|
| 245 | 1 | 0 |
_aColeccion de lo perteneciente al ramo de la rubia ò granza en España _b: en que se contienen varias Cedulas Reales, Ordenanzas, Memorias e Instrucciones relativas a la perfeccion, fomento y arreglo del cultivo, beneficio y comercio de esta planta : con los destinos antiguos y modernos en la tintura ... / _cdase al publico formada y aumentada ... por don Juan Pablo Canals y Martí ... |
| 260 |
_aEn Madrid : _ben la Imprenta de Blas Roman, _c1779. |
||
| 300 |
_a[2], XLVI, 185, [1] p., [1] h. de grab. ; _c4º. |
||
| 530 | _aDisponible en formato digital. | ||
| 597 | _aSign.: [ ]², a-e4, f², A-Y4, Z6-¹. | ||
| 597 | _aAntep. con esc. xil. | ||
| 599 | 1 | _aLa lámina es un grabado calcográfico: "Josef Muntanér la gravó", de la planta Rubia Tinctorum sativa, Rubia ó Granza. | |
| 650 | 4 |
_aPlantas tintóreas. _9136710 |
|
| 650 | 4 |
_aIndustria textil- _vObras anteriores a 1800. _9154024 |
|
| 700 | 1 |
_aMuntaner, José ( _dca. 1745-1788) _9155245 |
|
| 852 |
_aES-MaACL _jR-3429(8) _z-- Enc. pasta |
||
| 856 |
_uhttp://bdh-rd.bne.es/viewer.vm?id=0000110697&page=1 _zBiblioteca Digital Hispánica |
||
| 999 |
_c152954 _d152954 |
||